000 00829 a2200229 4500
010 _aENG-89379
020 _a8131303207
_c495.00
035 _aEN-72912
037 _bDBAD / PUB
082 1 4 _a639.2068
090 _c10826
_d10826
100 1 _aGaonkar, Rekha R.
245 1 _aFishery management/
_cby Rekha R. Gaonkar, Maria D.C. Rodrigues and R.B. Patil
260 _aNew Delhi
_bAPH Publishing Corporation
_c2008
270 _a4435-36/7, Ansari Road, Darya Ganj,
_bNew Delhi
_cDelhi
_e110002
_k23274050
_maphbook@vsnl.net
300 _axix, 196p
_c22 cm ( Hb.)
500 _aIncludes bibliographical reference
700 1 _aRodrigues, Maria D.C.
700 1 _aPatil, R.B.
942 _adpl
_cEN
_k639.2068 / GAO
999 _c10526
_d10526